00431nam a2200157Ia 4500003000400000008004100004040001600045082001500061100002000076245006800096700002100164260004200185300001000227650001700237650001900254GCL140319s9999 xx 000 0 eng d aGCL / cGCL04a338.7bB O1 aBEARDSHAW, JOHN10aTHE ORGANISATION IN ITS ENVIRONMENT, 4TH ED / cBEARDSHAW, JOHN1 aPALFREMAN, DAVID a[S.N] : bPITMAN PUBLISHING ، c1990 a515 P04aORGANIZATION04aBUSINESS FIRMS